[Event "XIV. DBMM Schach"]
[Site "Dresden"]
[Date "2014.11.23"]
[Round "7.2"]
[White "Hein, Ralf"]
[Black "Fischer, Alexander"]
[Result "1/2-1/2"]
[WhiteElo "2047"]
[BlackElo "2038"]
[Annotator "br"]
[PlyCount "130"]
[EventDate "2014.??.??"]
[EventType "team-swiss"]
[EventRounds "7"]
[EventCountry "GER"]
[Source "FV Schach e.V."]
[SourceDate "2015.07.06"]
[WhiteTeam "Baubehoerde Hamburg"]
[BlackTeam "BSG Commerzbank Frankfurt"]
[WhiteTeamCountry "GER"]
[BlackTeamCountry "GER"]

1. c4 c6 2. Nc3 d5 3. cxd5 cxd5 4. d4 Nf6 5. Nf3 Nc6 6. e3 e6 7. Bd3 Bd6 8. O-O
O-O 9. b3 a6 10. Bb2 b6 11. Rc1 Bb7 12. Ne2 Ne4 13. Ne5 Nxe5 14. dxe5 Bb8 15.
f4 f5 16. Bxe4 dxe4 17. Qxd8 Rxd8 18. Bd4 b5 19. Rfd1 Kf7 20. Bb6 Rxd1+ 21.
Rxd1 Ke7 22. Bc5+ Ke8 23. Nd4 Bc8 24. Nc6 Bd7 25. Nd4 Ba7 26. b4 a5 27. a3 axb4
28. axb4 Bb8 29. Rd2 Ra3 30. Kf2 Bc7 31. h3 Bd8 32. Rc2 Ra1 33. g3 Ra3 34. g4
g6 35. gxf5 gxf5 36. Ke2 Ra1 37. Kf2 Ra3 38. Rd2 Ra1 39. Nc2 Ra2 40. Ke2 Bc6
41. Nd4 $11 Bd5 42. Rxa2 Bxa2 43. Kf2 Bh4+ 44. Kg2 Bc4 45. Nc6 Kf7 46. Nd4 Be1
47. Nc2 Bd2 48. Kf2 Kg6 49. Nd4 Kh5 50. Be7 Bc3 51. Ne2 Bxe2 52. Kxe2 Kg6 53.
Kd1 Kf7 54. Bd6 Ke8 55. Kc2 Be1 56. Kd1 Bf2 57. Kd2 Kd7 58. Bc5 Kc6 59. Ke2 Bh4
60. Bd6 Kd5 61. Bc5 Kc4 62. Bd6 Kc3 63. Bc5 Bd8 64. Bd6 Bb6 65. Be7 Bc7 1/2-1/2

[Event "XIV. DBMM Schach"]
[Site "Dresden"]
[Date "2014.11.23"]
[Round "7.4"]
[White "Groeppel, Peter"]
[Black "Brauer, Frank"]
[Result "1-0"]
[WhiteElo "1910"]
[BlackElo "1883"]
[Annotator "fb"]
[PlyCount "127"]
[EventDate "2014.??.??"]
[EventType "team-swiss"]
[EventRounds "7"]
[EventCountry "GER"]
[Source "FV Schach e.V."]
[SourceDate "2015.07.06"]
[WhiteTeam "Baubehoerde Hamburg"]
[BlackTeam "BSG Commerzbank Frankfurt"]
[WhiteTeamCountry "GER"]
[BlackTeamCountry "GER"]

1. d4 d5 2. c4 e6 3. Nf3 Nf6 4. Nc3 c5 5. cxd5 exd5 6. g3 Nc6 7. Bg2 Be7 8. O-O
O-O 9. Bg5 Be6 10. dxc5 Bxc5 11. Na4 Be7 12. Nd4 h6 13. Nxc6 bxc6 14. Be3 Qa5
15. Rc1 Rac8 16. Bc5 Rfe8 17. b3 Ne4 18. Bxe7 Rxe7 19. Bxe4 dxe4 20. Qd4 Ree8
21. Rc5 Qd8 22. Qe3 Qd7 23. Re5 Bd5 24. Rxe8+ Rxe8 25. Kg2 Qc7 26. Kg1 Qd7 27.
Kg2 Qc7 28. Rc1 Qb7 29. Kg1 Qd7 30. Kg2 Qb7 31. h3 Qd7 32. Nc5 Qc7 33. Kh2 Qb6
34. f4 Qa5 35. Na4 Qc7 36. Rc5 Qb7 37. Ra5 Re7 38. Nc3 Rd7 39. Kg2 Qb6 40. Rc5
Qb7 41. Na4 Re7 42. Rc1 Qd7 43. Nc5 Qc7 44. Kf2 Qb6 45. Na4 Qb7 46. g4 f6 47.
Rg1 Rf7 48. h4 Qc7 49. Ke1 Qe7 50. Qc5 Qxc5 51. Nxc5 f5 52. e3 Kf8 53. Kd2 fxg4
54. Rxg4 Ke7 55. Kc3 Kd6 56. Kd4 Re7 57. f5 Rf7 58. Rf4 Rf8 59. h5 Rb8 60.
Nxe4+ Bxe4 61. Rxe4 Rb4+ 62. Kd3 Rb5 63. Re6+ Kd7 64. e4 1-0

[Event "XIV. DBMM Schach"]
[Site "Dresden"]
[Date "2014.11.23"]
[Round "7.1"]
[White "Dekker, Derk"]
[Black "Schildt, Rene"]
[Result "1/2-1/2"]
[WhiteElo "1856"]
[BlackElo "2073"]
[Annotator "br"]
[PlyCount "33"]
[EventDate "2014.??.??"]
[EventType "team-swiss"]
[EventRounds "7"]
[EventCountry "GER"]
[Source "FV Schach e.V."]
[SourceDate "2015.07.06"]
[WhiteTeam "EPA Muenchen"]
[BlackTeam "BA Tempelhof Berlin"]
[WhiteTeamCountry "GER"]
[BlackTeamCountry "GER"]

1. e4 d5 2. exd5 Qxd5 3. Nf3 Nc6 4. Nc3 Qd6 5. d4 Bg4 6. Be3 O-O-O 7. h3 Bxf3
8. Qxf3 Nxd4 9. Bxd4 Qxd4 10. Bd3 Qe5+ 11. Be2 Nf6 12. O-O e6 13. Rfe1 Qf5 $11
14. Qe3 Bc5 15. Qg3 g6 16. Bd3 Nh5 17. Bxf5 1/2-1/2

[Event "XIV. DBMM Schach"]
[Site "Dresden"]
[Date "2014.11.23"]
[Round "7.2"]
[White "Feikes, Joerg"]
[Black "Liefrink, Feike"]
[Result "1/2-1/2"]
[WhiteElo "1968"]
[BlackElo "2025"]
[Annotator "br"]
[PlyCount "25"]
[EventDate "2014.??.??"]
[EventType "team-swiss"]
[EventRounds "7"]
[EventCountry "GER"]
[Source "FV Schach e.V."]
[SourceDate "2015.07.06"]
[WhiteTeam "BA Tempelhof Berlin"]
[BlackTeam "EPA Muenchen"]
[WhiteTeamCountry "GER"]
[BlackTeamCountry "GER"]

1. e4 e5 2. Nf3 Nc6 3. Bc4 Bc5 4. d3 Nf6 5. c3 a6 6. Bb3 d6 7. Nbd2 Be6 8. Nc4
h6 9. O-O O-O 10. Re1 Re8 11. Ne3 Qd7 12. Nh4 d5 13. Qf3 1/2-1/2

[Event "XIV. DBMM Schach"]
[Site "Dresden"]
[Date "2014.11.23"]
[Round "7.3"]
[White "Segerberg, Tomas"]
[Black "Kettenburg, Stefan"]
[Result "1/2-1/2"]
[WhiteElo "2075"]
[BlackElo "2063"]
[Annotator "br"]
[PlyCount "33"]
[EventDate "2014.??.??"]
[EventType "team-swiss"]
[EventRounds "7"]
[EventCountry "GER"]
[Source "FV Schach e.V."]
[SourceDate "2015.07.06"]
[WhiteTeam "EPA Muenchen"]
[BlackTeam "BA Tempelhof Berlin"]
[WhiteTeamCountry "GER"]
[BlackTeamCountry "GER"]

1. c4 Nf6 2. Nc3 c6 3. e4 d5 4. e5 d4 5. exf6 dxc3 6. fxg7 cxd2+ 7. Bxd2 Bxg7
8. Qb3 Qb6 9. Bc3 Qxb3 10. axb3 Bxc3+ 11. bxc3 Bf5 12. Ne2 Nd7 $11 13. Nd4 Bg6
14. Be2 O-O 15. f4 e5 16. fxe5 Nxe5 17. O-O 1/2-1/2

[Event "XIV. DBMM Schach"]
[Site "Dresden"]
[Date "2014.11.23"]
[Round "7.4"]
[White "Baranowsky, Peter"]
[Black "Bohnhoff, Peter"]
[Result "1/2-1/2"]
[WhiteElo "2009"]
[BlackElo "2060"]
[Annotator "pb"]
[PlyCount "23"]
[EventDate "2014.??.??"]
[EventType "team-swiss"]
[EventRounds "7"]
[EventCountry "GER"]
[Source "FV Schach e.V."]
[SourceDate "2015.07.06"]
[WhiteTeam "BA Tempelhof Berlin"]
[BlackTeam "EPA Muenchen"]
[WhiteTeamCountry "GER"]
[BlackTeamCountry "GER"]

1. e4 e5 2. Bc4 Nf6 3. d3 Nc6 4. f4 Bc5 5. Nf3 d6 6. c3 a6 7. Qe2 O-O 8. fxe5
dxe5 9. Be3 Qe7 10. O-O Bxe3+ 11. Qxe3 Na5 12. Nbd2 1/2-1/2

[Event "XIV. DBMM Schach"]
[Site "Dresden"]
[Date "2014.11.23"]
[Round "7.1"]
[White "Gempe, Thomas"]
[Black "Blum, Norbert"]
[Result "1-0"]
[WhiteElo "2209"]
[BlackElo "2009"]
[Annotator "br"]
[PlyCount "67"]
[EventDate "2014.??.??"]
[EventType "team-swiss"]
[EventRounds "7"]
[EventCountry "GER"]
[Source "FV Schach e.V."]
[SourceDate "2015.07.06"]
[WhiteTeam "ADAC Muenchen"]
[BlackTeam "Sparkassen-Vers. Stuttgart"]
[WhiteTeamCountry "GER"]
[BlackTeamCountry "GER"]

1. d4 Nf6 2. c4 g6 3. Nc3 d5 4. e3 Bg7 5. Qb3 e6 6. Qa3 b6 7. cxd5 exd5 8. Nf3
c6 9. Bd3 Bb7 10. O-O Bf8 11. Qa4 Be7 12. e4 dxe4 13. Nxe4 Nxe4 14. Bxe4 O-O
15. Bh6 Re8 16. Ne5 Bf6 17. Rad1 Qc8 18. f4 Bg7 19. Bxg7 Kxg7 20. f5 Nd7 21.
f6+ Nxf6 22. Rxf6 Kxf6 23. Rf1+ Kg7 24. Rxf7+ Kh8 25. Qb3 Rf8 26. Bxg6 Rxf7 27.
Qxf7 Qg8 28. Qxb7 hxg6 29. Nxg6+ Qxg6 30. Qxa8+ Kg7 31. Qxa7+ Kh6 32. Qxb6 Qb1+
33. Kf2 Qc2+ 34. Kf3 1-0

[Event "XIV. DBMM Schach"]
[Site "Dresden"]
[Date "2014.11.23"]
[Round "7.2"]
[White "Marten, Gero"]
[Black "Baudrexel, Peter"]
[Result "1/2-1/2"]
[WhiteElo "2010"]
[BlackElo "1834"]
[Annotator "br"]
[PlyCount "36"]
[EventDate "2014.??.??"]
[EventType "team-swiss"]
[EventRounds "7"]
[EventCountry "GER"]
[Source "FV Schach e.V."]
[SourceDate "2015.07.06"]
[WhiteTeam "Sparkassen-Vers. Stuttgart"]
[BlackTeam "ADAC Muenchen"]
[WhiteTeamCountry "GER"]
[BlackTeamCountry "GER"]

1. Nf3 d5 2. g3 Bg4 3. Bg2 e6 4. O-O Bd6 5. d3 f5 6. Nbd2 Nf6 7. c4 c6 8. b3
O-O 9. Bb2 Nbd7 10. Bc1 Qe8 11. d4 Qh5 12. Re1 Ne4 13. Qc2 Rf6 14. Ne5 Nxd2 15.
Qxd2 Bxe5 16. dxe5 Rh6 17. h4 Qf7 18. Qf4 Nf8 1/2-1/2

[Event "XIV. DBMM Schach"]
[Site "Dresden"]
[Date "2014.11.23"]
[Round "7.3"]
[White "Gempe, Anet"]
[Black "Bischoff, Ulrich"]
[Result "0-1"]
[WhiteElo "2027"]
[BlackElo "2107"]
[Annotator "br"]
[PlyCount "114"]
[EventDate "2014.??.??"]
[EventType "team-swiss"]
[EventRounds "7"]
[EventCountry "GER"]
[Source "FV Schach e.V."]
[SourceDate "2015.07.06"]
[WhiteTeam "ADAC Muenchen"]
[BlackTeam "Sparkassen-Vers. Stuttgart"]
[WhiteTeamCountry "GER"]
[BlackTeamCountry "GER"]

1. e4 c5 2. Nf3 e6 3. d4 cxd4 4. Nxd4 Nc6 5. a3 Nf6 6. Nc3 Qc7 7. Be3 a6 8. Be2
b5 9. O-O Bb7 10. f3 Ne5 11. Qe1 Ng6 12. Qf2 Rc8 13. Rfd1 Be7 14. Rd2 O-O 15.
Bd3 Nf4 16. Bf1 Rfe8 17. Kh1 d5 18. g3 Ng6 19. exd5 Nxd5 20. Nxd5 Bxd5 21. Bg2
Ne5 22. b3 Qb7 23. h3 Rc3 24. Re2 Rec8 25. f4 Bxg2+ 26. Qxg2 Qxg2+ 27. Kxg2 Nc6
28. Nf3 $11 Rd8 29. Bb6 Rd5 30. Ra2 h6 31. Rd2 Bf6 32. Rxd5 exd5 33. Kf2 g5 34.
Be3 d4 35. Bd2 Rc5 36. fxg5 hxg5 37. g4 Kg7 38. b4 Rd5 39. a4 d3 40. cxd3 Rxd3
41. axb5 $11 axb5 42. Rc2 Nd4 43. Nxd4 Bxd4+ 44. Kg2 Kg6 45. Be1 Rb3 46. Re2 f6
47. Rc2 Rb1 48. Re2 Kf7 49. Kf3 Rb3+ 50. Kg2 Be5 51. Rc2 Bd6 52. h4 gxh4 53.
Bxh4 Rxb4 54. Rf2 Rxg4+ 55. Kh3 Rf4 56. Rb2 b4 57. Rb3 Rc4 0-1

[Event "XIV. DBMM Schach"]
[Site "Dresden"]
[Date "2014.11.23"]
[Round "7.4"]
[White "Lau, Peter"]
[Black "Obermeier, Karlheinz"]
[Result "1-0"]
[WhiteElo "1824"]
[BlackElo "1553"]
[Annotator "br"]
[PlyCount "53"]
[EventDate "2014.??.??"]
[EventType "team-swiss"]
[EventRounds "7"]
[EventCountry "GER"]
[Source "FV Schach e.V."]
[SourceDate "2015.07.06"]
[WhiteTeam "Sparkassen-Vers. Stuttgart"]
[BlackTeam "ADAC Muenchen"]
[WhiteTeamCountry "GER"]
[BlackTeamCountry "GER"]

1. e4 e5 2. Nf3 Nc6 3. Bb5 d6 4. O-O Bd7 5. c3 Nf6 6. d3 Be7 7. h3 a6 8. Ba4
O-O 9. Re1 b5 10. Bc2 h6 11. Nbd2 Nh7 12. Nf1 Ng5 13. Nxg5 Bxg5 14. Ng3 Bxc1
15. Rxc1 Ne7 16. d4 $11 Ng6 17. Re3 Qg5 18. Qh5 Qe7 19. Nf5 Bxf5 20. exf5 Nf4
21. Qf3 Qg5 22. dxe5 dxe5 23. Rd1 Rfe8 24. g3 Nxh3+ 25. Kh2 e4 26. Rxe4 Rxe4
27. Qxe4 1-0

[Event "XIV. DBMM Schach"]
[Site "Dresden"]
[Date "2014.11.23"]
[Round "7.1"]
[White "Eskandary, Jahya"]
[Black "Bumes, Konrad"]
[Result "1-0"]
[WhiteElo "2091"]
[BlackElo "1848"]
[Annotator "br"]
[PlyCount "67"]
[EventDate "2014.??.??"]
[EventType "team-swiss"]
[EventRounds "7"]
[EventCountry "GER"]
[Source "FV Schach e.V."]
[SourceDate "2015.07.06"]
[WhiteTeam "Europark Altenberg"]
[BlackTeam "EPA Muenchen II"]
[WhiteTeamCountry "GER"]
[BlackTeamCountry "GER"]

1. e4 c6 2. d4 d5 3. e5 Bf5 4. Nd2 e6 5. Nb3 Nd7 6. Be3 c5 7. Nxc5 Bxc5 8. dxc5
Nxe5 9. Bd4 f6 10. Bxe5 fxe5 11. Bb5+ Ke7 12. Qd2 Nf6 13. Nf3 Qc7 14. b4 a6 15.
Ba4 a5 16. O-O Ne4 17. Qe1 axb4 18. Qxb4 Nxc5 19. Bb3 Be4 20. Nxe5 Qxe5 21.
Qxc5+ Qd6 22. Qd4 e5 23. Qd2 h6 24. f3 Qc5+ 25. Kh1 Bg6 26. Rfe1 Kd6 27. Rad1
d4 28. f4 e4 29. Qf2 Rac8 30. Rxd4+ Ke7 31. Qh4+ Kf8 32. Rd8+ Rxd8 33. Qxd8+
Be8 34. Rxe4 1-0

[Event "XIV. DBMM Schach"]
[Site "Dresden"]
[Date "2014.11.23"]
[Round "7.2"]
[White "Santos, Paulo"]
[Black "Schmidt, Gerhard"]
[Result "1/2-1/2"]
[WhiteElo "1800"]
[BlackElo "2116"]
[Annotator "br"]
[PlyCount "44"]
[EventDate "2014.??.??"]
[EventType "team-swiss"]
[EventRounds "7"]
[EventCountry "GER"]
[Source "FV Schach e.V."]
[SourceDate "2015.07.06"]
[WhiteTeam "EPA Muenchen II"]
[BlackTeam "Europark Altenberg"]
[WhiteTeamCountry "GER"]
[BlackTeamCountry "GER"]

1. e4 c5 2. Nc3 Nc6 3. g3 g6 4. Bg2 Bg7 5. d3 e6 6. Nge2 Nge7 7. O-O O-O 8. Be3
Nd4 9. f4 Rb8 10. Rb1 Nec6 11. a3 a5 12. e5 d5 13. exd6 Qxd6 14. Ne4 Nxe2+ 15.
Qxe2 Nd4 16. Qf2 Qd8 17. Nxc5 Nf5 18. c3 b6 19. Na4 Nxe3 20. Qxe3 Bd7 21. b3
Bxa4 22. bxa4 Bxc3 1/2-1/2

[Event "XIV. DBMM Schach"]
[Site "Dresden"]
[Date "2014.11.23"]
[Round "7.3"]
[White "Stavenhagen, Johannes"]
[Black "Lange, Ronny"]
[Result "1-0"]
[WhiteElo "1973"]
[BlackElo "1693"]
[Annotator "br"]
[PlyCount "98"]
[EventDate "2014.??.??"]
[EventType "team-swiss"]
[EventRounds "7"]
[EventCountry "GER"]
[Source "FV Schach e.V."]
[SourceDate "2015.07.06"]
[WhiteTeam "Europark Altenberg"]
[BlackTeam "EPA Muenchen II"]
[WhiteTeamCountry "GER"]
[BlackTeamCountry "GER"]

1. d4 d5 2. Nf3 Nf6 3. c4 e6 4. Bg5 Be7 5. e3 c5 6. Nc3 Nc6 7. dxc5 Qa5 8. Nd2
Qxc5 9. Nb3 Qd6 10. c5 Qd8 11. Bb5 O-O 12. Rc1 Nd7 13. Bxe7 Nxe7 14. O-O Ne5
15. Qh5 f5 16. Rfd1 Rf6 17. Qe8+ Rf8 18. Qxd8 Rxd8 19. Nd4 Kf7 20. Nce2 N5c6
21. a3 Bd7 22. Nf3 Kf6 23. h4 Ne5 24. Bxd7 Nxf3+ 25. gxf3 Rxd7 26. f4 Rc8 27.
Nd4 Rdc7 28. b4 a6 29. Rb1 Nc6 30. Nb3 g6 31. Kg2 h6 32. Kf3 Nb8 33. Ke2 Nd7
34. Kf3 b6 35. cxb6 Nxb6 36. Nc5 a5 37. Rb3 axb4 38. axb4 Nc4 39. Ke2 Ra8 40.
Ke1 Nd6 41. Nd3 Ra2 42. Rd2 Rxd2 43. Kxd2 Ne4+ 44. Kd1 Rb7 45. b5 Rxb5 46. Ra3
Rb1+ 47. Ke2 Nd6 48. Ra6 Nc4 49. Nc5 Rb6 1-0

[Event "XIV. DBMM Schach"]
[Site "Dresden"]
[Date "2014.11.23"]
[Round "7.4"]
[White "Sidoti, Filippo"]
[Black "Warnke, Eberhard"]
[Result "1/2-1/2"]
[WhiteElo "1597"]
[BlackElo "1854"]
[Annotator "br"]
[PlyCount "30"]
[EventDate "2014.??.??"]
[EventType "team-swiss"]
[EventRounds "7"]
[EventCountry "GER"]
[Source "FV Schach e.V."]
[SourceDate "2015.07.06"]
[WhiteTeam "EPA Muenchen II"]
[BlackTeam "Europark Altenberg"]
[WhiteTeamCountry "GER"]
[BlackTeamCountry "GER"]

1. d4 d5 2. c4 e6 3. e3 Nf6 4. Nf3 Be7 5. Nc3 O-O 6. a3 a6 7. b4 dxc4 8. Bxc4
b5 9. Be2 Bb7 10. Bb2 Bd6 11. Qc2 Nd5 12. Bd3 h6 13. Nxd5 exd5 14. Bf5 Qe8 15.
O-O Nc6 1/2-1/2

[Event "XIV. DBMM Schach"]
[Site "Dresden"]
[Date "2014.11.23"]
[Round "7.2"]
[White "Figger, Udo"]
[Black "Tokarev, Igor"]
[Result "0-1"]
[WhiteElo "1906"]
[BlackElo "2001"]
[Annotator "br"]
[PlyCount "84"]
[EventDate "2014.??.??"]
[EventType "team-swiss"]
[EventRounds "7"]
[EventCountry "GER"]
[Source "FV Schach e.V."]
[SourceDate "2015.07.06"]
[WhiteTeam "Transit Hamburg II"]
[BlackTeam "SV OSRAM Augsburg"]
[WhiteTeamCountry "GER"]
[BlackTeamCountry "GER"]

1. Nc3 g6 2. e4 Bg7 3. Bc4 c5 4. Qf3 e6 5. Nge2 Nc6 6. Qg3 d6 7. d3 a6 8. a3
Nge7 9. Nd1 d5 10. Ba2 O-O 11. O-O $11 b5 12. h4 Bb7 13. f3 Rc8 14. Bg5 Qd7 15.
Qh3 a5 16. Nec3 Nd4 17. Bxe7 Qxe7 18. exd5 b4 19. dxe6 bxc3 20. exf7+ Kh8 21.
Nxc3 Nxc2 22. Rac1 Bd4+ 23. Kh1 Ne3 24. Rfe1 Rxf7 25. Nd5 Bxd5 26. Bxd5 Rff8
27. Re2 Rcd8 28. Be4 Qd6 29. Rce1 Nf5 30. Bxf5 Rxf5 31. g4 Re5 32. h5 Rde8 33.
hxg6 Qxg6 34. Re4 Rxe4 35. dxe4 Qg5 36. Qh2 Be5 37. Qg2 Re6 38. f4 Qh4+ 39. Kg1
Qxe1+ 40. Kh2 Rh6+ 41. Qh3 Qf2+ 42. Kh1 Rxh3# 0-1

[Event "XIV. DBMM Schach"]
[Site "Dresden"]
[Date "2014.11.23"]
[Round "7.3"]
[White "Zunic, Josef"]
[Black "Basteck, Reiner"]
[Result "1-0"]
[WhiteElo "1807"]
[BlackElo "1659"]
[Annotator "br"]
[PlyCount "44"]
[EventDate "2014.??.??"]
[EventType "team-swiss"]
[EventRounds "7"]
[EventCountry "GER"]
[Source "FV Schach e.V."]
[SourceDate "2015.07.06"]
[WhiteTeam "SV OSRAM Augsburg"]
[BlackTeam "Transit Hamburg II"]
[WhiteTeamCountry "GER"]
[BlackTeamCountry "GER"]

1. e4 c5 2. Bc4 e6 3. Nc3 Nc6 4. a3 a6 5. f4 b5 6. Ba2 Bb7 7. d3 g6 8. Nf3 Bg7
9. O-O Nge7 10. Ne2 O-O 11. Ng3 d6 12. h4 Qd7 13. h5 Rac8 14. c3 d5 15. Nh4 Nd8
16. f5 exf5 17. exf5 Nxf5 18. Nhxf5 gxf5 19. Nxf5 Ne6 20. Qg4 Kh8 21. Nxg7 Rg8
22. h6 Qc7 1-0

[Event "XIV. DBMM Schach"]
[Site "Dresden"]
[Date "2014.11.23"]
[Round "7.4"]
[White "Rulfs, Ernst August"]
[Black "Pilhoefer, Bernd"]
[Result "1/2-1/2"]
[WhiteElo "1598"]
[BlackElo "1547"]
[Annotator "br"]
[PlyCount "48"]
[EventDate "2014.??.??"]
[EventType "team-swiss"]
[EventRounds "7"]
[EventCountry "GER"]
[Source "FV Schach e.V."]
[SourceDate "2015.07.06"]
[WhiteTeam "Transit Hamburg II"]
[BlackTeam "SV OSRAM Augsburg"]
[WhiteTeamCountry "GER"]
[BlackTeamCountry "GER"]

1. c4 e5 2. Nc3 Nf6 3. d3 Nc6 4. Nf3 Be7 5. g3 d6 6. Bg2 O-O 7. O-O h6 8. a3
Nh7 9. Nd5 f5 10. h3 g5 11. Nh2 Nf6 12. e3 Be6 13. Nxe7+ Qxe7 14. b4 e4 15. f4
Qh7 16. Bb2 d5 17. Qc2 Rad8 18. Rad1 exd3 19. Rxd3 Ne4 20. Bxe4 dxe4 21. Rxd8
Rxd8 22. Rd1 Rxd1+ 23. Qxd1 Qd7 24. Qxd7 Bxd7 1/2-1/2

[Event "XIV. DBMM Schach"]
[Site "Dresden"]
[Date "2014.11.23"]
[Round "7.1"]
[White "Harzer, Paul"]
[Black "Wirth, Volker"]
[Result "1-0"]
[WhiteElo "2123"]
[BlackElo "1717"]
[Annotator "br"]
[PlyCount "55"]
[EventDate "2014.??.??"]
[EventType "team-swiss"]
[EventRounds "7"]
[EventCountry "GER"]
[Source "FV Schach e.V."]
[SourceDate "2015.07.06"]
[WhiteTeam "Deutsche Bahn/BSW Berlin II"]
[BlackTeam "Sparkassen-Vers. Stuttgart II"]
[WhiteTeamCountry "GER"]
[BlackTeamCountry "GER"]

1. f4 c5 2. Nf3 Nc6 3. e3 Nf6 4. Be2 d5 5. d3 Bg4 6. O-O e6 7. Qe1 Bd6 8. Nc3
a6 9. e4 d4 10. Nd1 e5 11. f5 Qc7 12. Nf2 Bxf3 13. Bxf3 O-O-O 14. Bd2 Rdg8 15.
a3 h5 16. b4 g5 17. fxg6 Rxg6 18. Rb1 b5 19. c4 dxc3 20. Bxc3 Nd4 21. Nd1 Kb8
22. Ne3 h4 23. a4 Qd7 24. axb5 Qh3 25. Kh1 Nxf3 26. gxh3 Nxe1 27. Rfxe1 axb5
28. bxc5 1-0

[Event "XIV. DBMM Schach"]
[Site "Dresden"]
[Date "2014.11.23"]
[Round "7.2"]
[White "Brethauer, Tim"]
[Black "Klotzsche, Thomas"]
[Result "0-1"]
[WhiteElo "1641"]
[BlackElo "1929"]
[Annotator "br"]
[PlyCount "48"]
[EventDate "2014.??.??"]
[EventType "team-swiss"]
[EventRounds "7"]
[EventCountry "GER"]
[Source "FV Schach e.V."]
[SourceDate "2015.07.06"]
[WhiteTeam "Sparkassen-Vers. Stuttgart II"]
[BlackTeam "Deutsche Bahn/BSW Berlin II"]
[WhiteTeamCountry "GER"]
[BlackTeamCountry "GER"]

1. e4 d6 2. d4 Nf6 3. Nc3 c6 4. Nf3 g6 5. Bf4 Bg7 6. Be2 O-O 7. Qd2 Qa5 8. O-O
Re8 9. Nd5 Qxd2 10. Nxf6+ Bxf6 11. Bxd2 Nd7 12. c3 a6 13. Bc4 b5 14. Bb3 Bb7
15. Rfe1 e6 16. Bc2 c5 17. dxc5 Nxc5 18. e5 dxe5 19. Nxe5 Red8 20. Rad1 Bxe5
21. Rxe5 Nd3 22. Re3 Nxb2 23. Rb1 Nc4 24. Be4 Bxe4 0-1

[Event "XIV. DBMM Schach"]
[Site "Dresden"]
[Date "2014.11.23"]
[Round "7.4"]
[White "Stahr, Ralf Peter"]
[Black "Fitzke, Ulrich"]
[Result "1-0"]
[WhiteElo "2042"]
[BlackElo "1898"]
[Annotator "br"]
[PlyCount "81"]
[EventDate "2014.??.??"]
[EventType "team-swiss"]
[EventRounds "7"]
[EventCountry "GER"]
[Source "FV Schach e.V."]
[SourceDate "2015.07.06"]
[WhiteTeam "Sparkassen-Vers. Stuttgart II"]
[BlackTeam "Deutsche Bahn/BSW Berlin II"]
[WhiteTeamCountry "GER"]
[BlackTeamCountry "GER"]

1. c4 Nf6 2. Nc3 d5 3. cxd5 Nxd5 4. Nf3 g6 5. Qa4+ Nc6 6. Ne5 Nxc3 7. dxc3 Bd7
8. Nxd7 Qxd7 9. e4 Ne5 10. Qxd7+ Nxd7 11. Be3 Bg7 12. O-O-O Nf6 13. f3 O-O 14.
a4 e5 15. g4 Rfd8 16. Bb5 a6 17. Bc4 Bf8 18. h4 Be7 19. h5 Rxd1+ 20. Kxd1 b5
21. axb5 axb5 22. Bxb5 Rb8 23. c4 c6 24. Bxc6 Rxb2 25. h6 Rb1+ 26. Bc1 Ba3 27.
Kc2 Ra1 28. Rd1 Rxc1+ 29. Rxc1 Bxc1 30. Kxc1 Kf8 31. Kc2 Ng8 32. g5 f5 33. Kd3
Ne7 34. Bd7 f4 35. c5 Ng8 36. Kc4 Ke7 37. Bh3 Kd8 38. Kd5 Kc7 39. Kxe5 Kc6 40.
Ke6 Kxc5 41. Kf7 1-0

[Event "XIV. DBMM Schach"]
[Site "Dresden"]
[Date "2014.11.23"]
[Round "7.1"]
[White "Jaehnisch, Frank"]
[Black "Raum, Norbert"]
[Result "1-0"]
[WhiteElo "2208"]
[BlackElo "1816"]
[Annotator "br"]
[PlyCount "65"]
[EventDate "2014.??.??"]
[EventType "team-swiss"]
[EventRounds "7"]
[EventCountry "GER"]
[Source "FV Schach e.V."]
[SourceDate "2015.07.06"]
[WhiteTeam "SV OSRAM Berlin"]
[BlackTeam "Baubehoerde Hamburg II"]
[WhiteTeamCountry "GER"]
[BlackTeamCountry "GER"]

1. d4 Nf6 2. c4 e6 3. Nc3 Bb4 4. f3 d5 5. a3 Bxc3+ 6. bxc3 O-O 7. cxd5 exd5 8.
e3 Re8 9. Bd3 c5 10. Ne2 cxd4 11. cxd4 Nc6 12. O-O a5 13. Nc3 Be6 14. Rb1 Rb8
15. Qa4 Nd7 16. Bd2 Nb6 17. Qb5 Nc4 18. Bxc4 dxc4 19. d5 Ne5 20. dxe6 Rxe6 21.
Rbd1 Qh4 22. e4 Nd3 23. Be3 Rg6 24. Qxc4 Nb2 25. Qc7 Rf8 26. Nd5 Re6 27. Rd2
Na4 28. Qxa5 Ra6 29. Qb4 f5 30. Ne7+ Kf7 31. Nxf5 Qf6 32. Rd7+ Kg6 33. Rxg7+
1-0

[Event "XIV. DBMM Schach"]
[Site "Dresden"]
[Date "2014.11.23"]
[Round "7.2"]
[White "Hoffeins, Hans Werner"]
[Black "Eisermann, Daniel"]
[Result "0-1"]
[WhiteElo "1791"]
[BlackElo "1928"]
[Annotator "de"]
[PlyCount "98"]
[EventDate "2014.??.??"]
[EventType "team-swiss"]
[EventRounds "7"]
[EventCountry "GER"]
[Source "FV Schach e.V."]
[SourceDate "2015.07.06"]
[WhiteTeam "Baubehoerde Hamburg II"]
[BlackTeam "SV OSRAM Berlin"]
[WhiteTeamCountry "GER"]
[BlackTeamCountry "GER"]

1. e4 c5 2. Nf3 e6 3. d3 Nc6 4. Be2 Qc7 5. c3 Nf6 6. O-O Be7 7. a4 O-O 8. Re1
b6 9. Bf1 d6 10. Na3 Bb7 11. Nc2 Ne5 12. Nxe5 dxe5 13. Ne3 Rfd8 14. Qc2 Rd7 15.
b3 Rad8 16. f3 Nh5 17. g3 g6 18. Ng4 Nf6 19. Nf2 Nh5 20. Be3 f5 21. g4 fxg4 22.
fxg4 Nf4 23. Bxf4 exf4 24. Rad1 e5 25. Qe2 Qc6 26. Qf3 Bh4 27. Re2 Qf6 28. Red2
Kh8 29. Be2 Bc6 30. c4 Rg7 31. Bf1 Rd6 32. Bg2 Bd7 33. h3 Qg5 34. Kf1 Be6 35.
Qe2 Bc8 36. Bf3 Bg3 37. Nh1 h5 38. Kg2 Qh4 39. Nf2 Rg8 40. Rh1 Rgd8 41. Rhd1
Rf6 42. Rh1 Kg7 43. Nd1 Rh8 44. Nc3 hxg4 45. Bxg4 f3+ 46. Bxf3 Bxh3+ 47. Kg1
Rhf8 48. Bg2 Bf2+ 49. Qxf2 Rxf2 0-1